Základy digitálního zpracování obrazu /

Guardado en:
Detalles Bibliográficos
Autores principales: Sobotka, Zdeněk (Autor), Šorm, Rudolf (Autor)
Formato: Libro
Publicado: Praha : ČSVTS, 1986
Etiquetas: Agregar Etiqueta
Sin Etiquetas, Sea el primero en etiquetar este registro!

MARC

LEADER 00000nam a22000003a 4500
001 stu48477
005 20150617225711.9
008 ------s1986----cs----------------------d
040 |a STU  |b slo 
041 0
044 |a cs 
080 |a 681.3.019 
080 |a 621.39.037.37 
100 1 |a Sobotka, Zdeněk  |4 aut 
245 1 |a Základy digitálního zpracování obrazu /  |c [aut.] Sobotka,Zdeněk; Šorm,Rudolf 
260 |a Praha :  |b ČSVTS,  |c 1986 
300 |a 350 s 
700 1 |a Šorm, Rudolf  |4 aut 
996 |b J83155  |c J*83155/K 3  |l JJK3  |s P  |a 0  |w stu48477_0001